Wii Sports Resort Spiele - Statistiken

Allgemein
  • Dieses Quiz wurde 198 mal gespielt
  • Das Durchschnittsergebnis liegt bei 8 aus 12
Antwortstatistiken
Spiel % Korrekt
Tischtennis
83%
Bowling
80%
Golf
75%
Schwertkampf
74%
Radfahren
70%
Basketball
67%
Luftsport
67%
Bogenschießen
62%
Frisbee
60%
Jetboot
47%
Kanufahren
43%
Wakeboard
43%
Keine übereinstimmenden Quizze gefunden
Verteilung der Resultate
Anzahl Personen mit jedem Resultat
Perzentil nach korrekt beantworteten Fragen
Ihre Resultats-Entwicklung
Sie haben dieses Quiz noch nicht gespielt